| 000 -LEADER |
| fixed length control field |
01496cam a2200325 i 4500 |
| 001 - CONTROL NUMBER |
| control field |
20857064 |
| 003 - CONTROL NUMBER IDENTIFIER |
| control field |
NUST |
| 005 - DATE AND TIME OF LATEST TRANSACTION |
| control field |
20221213175532.0 |
| 008 - FIXED-LENGTH DATA ELEMENTS--GENERAL INFORMATION |
| fixed length control field |
190219t20202020mdu b 001 0 eng |
| 010 ## - LIBRARY OF CONGRESS CONTROL NUMBER |
| LC control number |
2019007534 |
| 020 ## - INTERNATIONAL STANDARD BOOK NUMBER |
| International Standard Book Number |
978-1-4422-2255-7 |
| 040 ## - CATALOGING SOURCE |
| Original cataloging agency |
DLC |
| Language of cataloging |
eng |
| Transcribing agency |
DLC |
| Description conventions |
rda |
| Modifying agency |
DLC |
| 042 ## - AUTHENTICATION CODE |
| Authentication code |
pcc |
| 050 00 - LIBRARY OF CONGRESS CALL NUMBER |
| Classification number |
JZ1318 |
| Item number |
.N43 2020 |
| 082 00 - DEWEY DECIMAL CLASSIFICATION NUMBER |
| Classification number |
303.482,PIE |
| Edition number |
23 |
| 100 1# - MAIN ENTRY--PERSONAL NAME |
| Personal name |
Pieterse, Jan Nederveen |
| Relator term |
author. |
| 9 (RLIN) |
104782 |
| 245 10 - TITLE STATEMENT |
| Title |
Globalization and culture : |
| Remainder of title |
global mélange / |
| Statement of responsibility, etc. |
Jan Nederveen Pieterse, University of California Santa Barbara. |
| 250 ## - EDITION STATEMENT |
| Edition statement |
3rd Edition. |
| 264 #1 - PRODUCTION, PUBLICATION, DISTRIBUTION, MANUFACTURE, AND COPYRIGHT NOTICE |
| Place of production, publication, distribution, manufacture |
Lanham : |
| Name of producer, publisher, distributor, manufacturer |
ROWMAN & LITTLEFIELD, |
| Date of production, publication, distribution, manufacture, or copyright notice |
2015 |
| 300 ## - PHYSICAL DESCRIPTION |
| Extent |
xiv, 219 pages ; |
| Dimensions |
24 cm. |
| 490 0# - SERIES STATEMENT |
| Series statement |
Globalization |
| 505 ## - FORMATTED CONTENTS NOTE |
| Formatted contents note |
Introduction (Page-1), Globalization; Consensus and Controversies (Page-7), Globalization and Human Integration (Page-27), Globalization and Culture(Page-45), Globalization as Hybridization (Page-67), Hybridity , So What? the Anti-Hybridity Backlash (Page-99), Globalization is Braded (Page-127), Hybrid China (Page-147). |
| 650 #0 - SUBJECT ADDED ENTRY--TOPICAL TERM |
| Topical term or geographic name entry element |
Globalization. |
| 650 #0 - SUBJECT ADDED ENTRY--TOPICAL TERM |
| Topical term or geographic name entry element |
Globalization |
| General subdivision |
Moral and ethical aspects. |
| 9 (RLIN) |
104783 |
| 650 #0 - SUBJECT ADDED ENTRY--TOPICAL TERM |
| Topical term or geographic name entry element |
Globalization |
| General subdivision |
Political aspects. |
| 9 (RLIN) |
104784 |
| 650 #0 - SUBJECT ADDED ENTRY--TOPICAL TERM |
| Topical term or geographic name entry element |
Acculturation. |
| 9 (RLIN) |
104771 |
| 650 #0 - SUBJECT ADDED ENTRY--TOPICAL TERM |
| Topical term or geographic name entry element |
Popular culture. |
| 9 (RLIN) |
104785 |
| 776 08 - ADDITIONAL PHYSICAL FORM ENTRY |
| Relationship information |
Online version: |
| Main entry heading |
Nederveen Pieterse, Jan author. |
| Title |
Globalization and culture |
| Edition |
Fourth Edition. |
| Place, publisher, and date of publication |
Lanham : ROWMAN & LITTLEFIELD, [2019] |
| International Standard Book Number |
9781538115244 |
| Record control number |
(DLC) 2019009135 |
| 942 ## - ADDED ENTRY ELEMENTS (KOHA) |
| Source of classification or shelving scheme |
|
| Koha item type |
Book |
| Call number prefix |
303.482,PIE |